Alteridad y lectura via negationis : una propuesta didáctica para la enseñanza de la literatura medieval (Record no. 180409)
[ view plain ]
| 000 -CABECERA | |
|---|---|
| campo de control de longitud fija | 01372nab a2200277 a 4500 |
| 005 - FECHA Y HORA DE LA ÚLTIMA TRANSACCIÓN | |
| campo de control | 20250908080324.0 |
| 008 - ELEMENTOS DE LONGITUD FIJA--INFORMACIÓN GENERAL | |
| campo de control de longitud fija | 991125c2015 sp fr p o 000 0 spa d |
| 035 ## - NÚMERO DE CONTROL DEL SISTEMA | |
| Número de control de sistema | UPN01000208308 |
| 040 ## - FUENTE DE LA CATALOGACIÓN | |
| Centro catalogador/agencia de origen | MX-MxUPN |
| Lengua de catalogación | spa |
| Centro/agencia transcriptor | MX-MxUPN |
| Normas de descripción | aacr2 |
| 049 ## - COLECCIÓN | |
| Colección | ART-E |
| 100 1# - ASIENTO PRINCIPAL--NOMBRE PERSONAL | |
| Nombre de persona | García Única, Juan |
| 100 1# - ASIENTO PRINCIPAL--NOMBRE PERSONAL | |
| Nombre de persona | Segura Moreno, Isabel |
| 100 1# - ASIENTO PRINCIPAL--NOMBRE PERSONAL | |
| Filiación | isegura@fundacionsafa.es |
| 245 10 - MENCIÓN DE TÍTULO | |
| Título | Alteridad y lectura via negationis : una propuesta didáctica para la enseñanza de la literatura medieval |
| 506 0# - NOTA DE RESTRICCIONES AL ACCESO | |
| Limitaciones de acceso | Acceso abierto |
| 520 3# - NOTA DE RESUMEN, ETC. | |
| Sumario, etc. | En este artículo proponemos una detenida consideración de dos conceptos básicos de la teoría de la recepción de Hans - Robert Jauss tomados de su clásico estudio «Alteridad y modernidad de la literatura medieval». Estos conceptos serán los de alteridad y lectura via negationis . Nuestra aproximación partirá de la definición hermenéutica de ambos para acabar explorando sus posibilidades didácticas en la enseñanza universitaria de la literatura medieval. |
| 650 #4 - ASIENTO SECUNDARIO DE MATERIA - TERMINO TEMATICO | |
| Término de materia o nombre geográfico como elemento de entrada | Lectura |
| 9 (RLIN) | 13351 |
| 653 0# - TERMINO DE INDIZACION - NO CONTROLADO | |
| Término no controlado | Alteridad |
| 653 0# - TERMINO DE INDIZACION - NO CONTROLADO | |
| Término no controlado | Literatura medieval |
| 653 0# - TERMINO DE INDIZACION - NO CONTROLADO | |
| Término no controlado | Didáctica |
| 773 ## - ENLACE AL DOCUMENTO FUENTE/ENTRADA DE REGISTRO ANFITRIÓN | |
| Parte(s) relacionada(s) | Vol. 17, no. 1 (2015), p. 131-163 |
| Título | Aula de encuentro |
| Número Internacional Normalizado para Publicaciones Seriadas | 2341-4847 |
| 856 4# - LOCALIZACIÓN Y ACCESO ELECTRÓNICOS | |
| Identificador Uniforme del Recurso | <a href="https://revistaselectronicas.ujaen.es/index.php/ADE/article/view/2262">https://revistaselectronicas.ujaen.es/index.php/ADE/article/view/2262</a> |
| 902 ## - ELEMENTOS DE DATOS B LOCAL, LDB (RLIN) | |
| Creó | Gloria Jiménez/080925 |
| 905 ## - TIPO DE MATERIAL | |
| Tipo de material | Articulo |
| 942 ## - ELEMENTOS DE PUNTO DE ACCESO ADICIONAL (KOHA) | |
| Tipo de ítem Koha | Artículo Electrónico |
| Estado de retiro | Estado de pérdida | Estado dañado | No para préstamo | Código de colección | Localización permanente | Ubicación/localización actual | Ubicación en estantería | Fecha de adquisición | Total de préstamos | Fecha visto por última vez | Identificador Uniforme del Recurso | Precio válido a partir de | Tipo de ítem Koha |
|---|---|---|---|---|---|---|---|---|---|---|---|---|---|
| Acceso abierto | Bib. Gregorio Torres Quintero | Bib. Gregorio Torres Quintero | En línea | 08/09/2025 | 08/09/2025 | https://revistaselectronicas.ujaen.es/index.php/ADE/article/view/2262 | 08/09/2025 | Artículo Electrónico |
